Atlas of clinical Hematology/ (Record no. 32382)

000 -LEADER
fixed length control field 00551nam a22001817a 4500
008 - FIXED-LENGTH DATA ELEMENTS--GENERAL INFORMATION
fixed length control field 260324b |||||||| |||| 00| 0 eng d
020 ## - INTERNATIONAL STANDARD BOOK NUMBER
International Standard Book Number 9783642059063
050 ## - LIBRARY OF CONGRESS CALL NUMBER
Classification number RC 633 .L64 2005
100 ## - MAIN ENTRY--PERSONAL NAME
Personal name Loffler,H.
245 ## - TITLE STATEMENT
Title Atlas of clinical Hematology/
Statement of responsibility, etc. H.Loffler
250 ## - EDITION STATEMENT
Edition statement 6th ed
260 ## - PUBLICATION, DISTRIBUTION, ETC. (IMPRINT)
Place of publication, distribution, etc. Tokyo:
Name of publisher, distributor, etc. Springer,
Date of publication, distribution, etc. c2005.
300 ## - PHYSICAL DESCRIPTION
Extent xiii,429p.:
Other physical details ill,;(chifly col)
Dimensions 26cm
650 ## - SUBJECT ADDED ENTRY--TOPICAL TERM
Topical term or geographic name as entry element Hematology.
650 ## - SUBJECT ADDED ENTRY--TOPICAL TERM
Topical term or geographic name as entry element Hematologic diseases.
700 ## - ADDED ENTRY--PERSONAL NAME
Personal name Haferlach T.
942 ## - ADDED ENTRY ELEMENTS (KOHA)
Source of classification or shelving scheme
Koha item type Hard Covered Materials
Classification part RC 633 .L64 2005
Call number prefix RC 633
Call number suffix .L64 2005
Holdings
Withdrawn status Lost status Source of classification or shelving scheme Damaged status Not for loan Home library Current library Shelving location Date acquired Source of acquisition Cost, normal purchase price Total Checkouts Full call number Barcode Date last seen Price effective from Koha item type
          MACHAKOS UNIVERSITY LIBRARY MACHAKOS UNIVERSITY LIBRARY Open shelf 24/03/2026 Donation(Falcon books East Africa) 11085.00   RC 633 .L64 2005 40376 11/06/2026 24/03/2026 Hard Covered Materials
© Machakos University Library, Along The Highway, Machakos Wote Rd, Machakos, Kenya P.O. Box 136 - 90100 Machakos - Kenya

Tel: ( +254 ) 723 805829 OR Fax : 044-20353 OR Email: library@mksu.ac.ke